| 000 | 00445nam a2200193Ia 4500 | ||
|---|---|---|---|
| 003 | OSt | ||
| 005 | 20230921091708.0 | ||
| 008 | 230312s9999||||xx |||||||||||||| ||und|| | ||
| 020 | _a978-81-7758-874 | ||
| 040 | _cabc | ||
| 082 |
_a620.3 _bRAO-M |
||
| 100 | _aRao, Singiresu S. | ||
| 245 | 0 | _aMechanical Vibrations | |
| 260 |
_bPearson Education _aIndia _c2004 |
||
| 300 | _a1108 | ||
| 546 | _aEng. | ||
| 650 | _aEngineering | ||
| 942 |
_cBK _2ddc |
||
| 999 |
_c4755 _d4755 |
||